000 00711nam a2200217 a 4500
001 BRCA_7336
005 20190320205810.0
008 250812s2012----mx-a######---#000-0#spa-#
020 _a9786077525776
041 _aspa
044 _amx
050 4 _aN6415
_b.C36 2012
245 1 0 _aCaminos del barroco
_bAndalucía, México, Puebla.
260 _aMéxico
_bGobierno del Estado de Puebla, Consejo Estatal para la Cultura y las Artes
_c2012
300 _a3 v.
_bil. (algunas a color)
_c28 cm.
500 _a2do. ejemplar en el Área de Investigación
650 1 4 _aArte barroco
_zMéxico
_92322
650 1 4 _aArte barroco
_zAndalucía
_918023
650 1 4 _aArte barroco
_zPuebla, México
_918139
942 _2lcc
_cB
999 _c7012
_d7012